[Event "45th FIDE Chess Olympiad Open"]
[Site "Budapest, Hungary"]
[Date "2024.09.12"]
[Round "2"]
[White "Moses Ina Ebenezer Conteh"]
[Black "Mejias Nunez, Rafael E."]
[Result "0-1"]
[WhiteElo "1631"]
[BlackElo "2026"]
[PlyCount "58"]
[EventDate "2024.??.??"]
[WhiteTeam "Sierra Leone"]
[BlackTeam "Puerto Rico"]
[WhiteTeamCountry "SIE"]
[BlackTeamCountry "PUR"]
[WhiteClock "1:09:00"]
[BlackClock "1:09:44"]

1. e4 e5 2. Nf3 Nc6 3. Bb5 a6 4. Ba4 Nf6 5. O-O Be7 6. Re1 b5 7. Bb3 d6 8. c3 O-O 9. d4 Bg4 10. d5 Nb8 11. Bg5 Nbd7 12. Nbd2 Nc5 13. Bc2 Nxd5 14. exd5 $146 ({RR} 14. Bxe7 Nxe7 15. b4 Ne6 16. h3 Bh5 17. a4 Nf4 18. axb5 axb5 19. Kh2 Qd7 20. Rg1 Bg6 21. g4 Qc6 22. Rc1 Ra3 23. Nb3 Qxc3 24. Rg3 Qxb4 25. Nfd2 c5 26. Nb1 Ra6 27. Re3 c4 28. N3d2 Qc5 {0-1 Peranic,M (1507)-Zufic,Z (2212) CRO-chT3 West 2010 (9.46)}) ({RR} 14. Bxe7 Nxe7 15. b4 Nd7 16. h3 Be6 17. Nf1 Nb6 18. Ng5 Ng6 19. Qh5 Re8 20. Qxh7+ Kf8 21. Nxe6+ Rxe6 22. Bd1 Qg5 23. Bg4 Rf6 24. Ng3 Nh4 25. Qh5 Qxh5 26. Nxh5 Rh6 27. Re3 c6 28. Rd1 Rd8 {1-0 Tran Thi Mong,T-Nguyen Ngoc Thanh,T ASEAN-ch9 U12 Girls 2008 (3)}) 14... Bxg5 15. b4 Bxd2 16. Qxd2 Bxf3 17. bxc5 Bh5 18. c6 f5 19. Re3 Qg5 20. f3 f4 21. Ree1 Bxf3 22. Bxh7+ Kxh7 23. Qd3+ e4 24. Qd2 Rae8 25. g3 e3 26. Qc2+ Be4 27. Qc1 fxg3 28. h3 Qf5 29. Re2 Qxh3 0-1

[Event "45th FIDE Chess Olympiad Open"]
[Site "Budapest, Hungary"]
[Date "2024.09.12"]
[Round "2"]
[White "Bhakta Bahadur Monger"]
[Black "Oatlhotse, Providence"]
[Result "0-1"]
[WhiteElo "1911"]
[BlackElo "2239"]
[PlyCount "64"]
[EventDate "2024.??.??"]
[WhiteTeam "Bhutan"]
[BlackTeam "Botswana"]
[WhiteTeamCountry "BTN"]
[BlackTeamCountry "BOT"]
[WhiteClock "0:02:01"]
[BlackClock "1:14:46"]

1. d4 Nf6 2. Nf3 d5 3. Bf4 c5 4. dxc5 Nc6 5. e3 e6 6. c3 Bxc5 7. Nbd2 O-O 8. Bd3 Re8 9. Ne5 $146 ({RR} 9. e4 Qb6 10. O-O e5 11. Bg3 d4 12. Nc4 Qc7 13. b4 Bd6 14. b5 Na5 15. Nxd6 Qxd6 16. cxd4 Qb4 17. d5 Bg4 18. Qd2 Qxd2 19. Nxd2 b6 20. f3 Bh5 21. Rac1 Bg6 22. Rc7 Nxd5 23. Rd7 Nf6 {½-½ Zilch,L (1885)-Deutschbein,C (2030) Rhein Main op-A 22nd 2019 (2)}) 9... Bd6 10. Nxc6 bxc6 11. Bxd6 Qxd6 12. O-O Rb8 13. Qc2 h6 14. h3 Nd7 15. e4 Ne5 16. Rab1 c5 17. exd5 exd5 18. Rfe1 Bb7 19. Nf1 Qc6 20. f3 c4 21. Be2 Qb6+ 22. Kh1 Qf2 23. Nh2 Nd3 24. Bxd3 Rxe1+ 25. Rxe1 Qxe1+ 26. Bf1 Bc8 27. b3 g6 28. b4 Bf5 29. Qe2 Qxc3 30. Ng4 Bxg4 31. hxg4 Qxb4 32. Qe3 Qb1 0-1

[Event "45th FIDE Chess Olympiad Open"]
[Site "Budapest, Hungary"]
[Date "2024.09.12"]
[Round "2"]
[White "Notha, Moakofi"]
[Black "Mahendra Gurung"]
[Result "1-0"]
[WhiteElo "1996"]
[BlackElo "1725"]
[PlyCount "73"]
[EventDate "2024.??.??"]
[WhiteTeam "Botswana"]
[BlackTeam "Bhutan"]
[WhiteTeamCountry "BOT"]
[BlackTeamCountry "BTN"]
[WhiteClock "1:00:17"]
[BlackClock "1:14:46"]

1. e4 e5 2. Nf3 Nc6 3. Bb5 d6 4. c3 Bd7 5. O-O h6 ({RR} 5... Nf6 6. Qe2 g6 7. d4 Qe7 8. Nbd2 Bg7 9. b3 a6 10. Bxc6 Bxc6 11. dxe5 dxe5 12. a4 Qe6 13. Ba3 h6 14. Rfe1 b6 15. Rad1 Nd7 16. Nc4 Bf8 17. Bb2 Bg7 18. Ba3 Bf8 19. Qb2 Be7 20. Qc1 {½-½ Polgar,J (2630)-Ehlvest,J (2615) PCA/Intel-GP rapid 1995 (1.2)}) 6. d4 Qf6 $146 ({RR} 6... exd4 7. cxd4 Nf6 8. Re1 Be7 9. Nbd2 O-O 10. Nf1 Nh7 11. Ng3 Bf6 12. Nh5 Bg4 13. Nxf6+ Qxf6 14. Be3 Bxf3 15. Qxf3 Qxf3 16. gxf3 Nd8 17. Rac1 c6 18. Be2 f5 19. Kh1 f4 20. Bd2 g5 21. Bc4+ {1-0 Jost,C-Savic,Z Kleve op 1999 (6)}) ({RR} 6... exd4 7. cxd4 Nf6 8. Nc3 Be7 9. e5 dxe5 10. dxe5 Nh7 11. Bxc6 Bxc6 12. Nd4 O-O 13. Nxc6 bxc6 14. Be3 a6 15. Qa4 Qb8 16. b3 Qb7 17. Rac1 Ng5 18. Qg4 Qc8 19. Qxc8 Rfxc8 20. f4 Ne6 21. Ne4 {1-0 Pedroso,D (1849)-Do Amaral e Silva,L (1544) Florianopolis op 7th 2021 (4)}) ({RR} 6... a6 7. Bd3 Nf6 8. Re1 Be7 9. a4 Na7 10. dxe5 dxe5 11. Nxe5 O-O 12. Be3 Bd6 13. f4 Re8 14. Nxd7 Nxd7 15. Kh1 Bc5 16. Bxc5 Nxc5 17. Bc2 Qxd1 18. Rxd1 Nxe4 19. Kg1 Nf6 20. Nd2 Nc6 21. Re1 {½-½ Rocher Cubedo,J-Lopez Aragon,D Valencia op 1st 1995}) ({RR} 6... exd4 7. cxd4 Qf6 8. Nc3 Nge7 9. d5 Nb8 10. Be3 c6 11. Ba4 Bg4 12. h3 Bxf3 13. Qxf3 Qxf3 14. gxf3 b5 15. Bb3 a6 16. dxc6 Nbxc6 17. f4 f5 18. Rad1 O-O-O 19. Be6+ Kc7 20. Nd5+ Kb7 21. exf5 {1-0 Bahr,O (1752)-Scheibenreif,J (1311) Wch Seniors 08th 1998 (2)}) 7. Qa4 Nb8 8. Rd1 c6 9. Be2 b5 10. Qb3 a6 11. a4 Be6 12. d5 Bd7 13. dxc6 Bxc6 14. axb5 Bb7 15. bxa6 Bxe4 16. Qa4+ Bc6 17. Bb5 Ne7 18. a7 Bxb5 19. Qxb5+ Nd7 20. Qb7 Rd8 21. a8=Q Nf5 22. Qxd8+ Kxd8 23. Ra8+ Ke7 24. Ra7 Qe6 25. Nxe5 Kf6 26. Nxd7+ Kg6 27. Bf4 Be7 28. Nd2 Re8 29. Nf3 Bh4 30. g3 Bg5 31. Bxg5 f6 32. Re1 Qg8 33. Rxe8 Qxe8 34. Nxf6 gxf6 35. Qh7+ Kh5 36. Qxf5 fxg5 37. g4# 1-0

[Event "45th FIDE Chess Olympiad Open"]
[Site "Budapest, Hungary"]
[Date "2024.09.12"]
[Round "2"]
[White "Suk Raj Monger"]
[Black "Monnaatsheko, Keletshabile"]
[Result "1-0"]
[WhiteElo "1821"]
[BlackElo "2064"]
[PlyCount "73"]
[EventDate "2024.??.??"]
[WhiteTeam "Bhutan"]
[BlackTeam "Botswana"]
[WhiteTeamCountry "BTN"]
[BlackTeamCountry "BOT"]
[WhiteClock "0:24:08"]
[BlackClock "0:01:14"]

1. e4 {ChessBase II} e6 2. d4 d5 3. Nc3 Bb4 4. exd5 exd5 5. a3 Bxc3+ 6. bxc3 Ne7 ({RR} 6... Nf6 7. Bd3 O-O 8. Ne2 c5 9. dxc5 Nbd7 10. O-O Nxc5 11. Bg5 h6 12. Bh4 Re8 13. Rb1 b6 14. Rb4 Ba6 15. Nd4 Bc4 16. Nf5 Nce4 17. Bxc4 dxc4 18. Rxc4 Qd5 19. Ne7+ Rxe7 20. Qxd5 Nxd5 21. Bxe7 {1-0 Dvoirys,S (2535)-Eingorn,V (2570) Lvov zt 1990}) 7. Rb1 $146 ({RR} 7. Nf3 O-O 8. Bd3 Bf5 9. O-O Bxd3 10. Qxd3 Ng6 11. Qb5 b6 12. a4 c6 13. Qd3 Nd7 14. Bg5 Qc7 15. h4 f6 16. Bd2 Nf4 17. Qe3 Ng6 18. Qe6+ Rf7 19. Rae1 Ngf8 20. Qf5 g6 21. Qd3 Qd6 {1-0 Krasnov,V (2142)-Kononov,V (2104) St Petersburg Autumn op 2005 (8)}) ({RR} 7. Nf3 O-O 8. Bd3 Bf5 9. O-O Nbc6 10. a4 Re8 11. Bg5 f6 12. Bf4 Qd7 13. h3 Bxd3 14. Qxd3 Na5 15. Nd2 Qc6 16. Rfb1 Nc4 17. a5 b5 18. a6 Ng6 19. Bg3 Nxd2 20. Qxd2 Rab8 21. Qd3 Rb6 {½-½ Voekler,B (2322)-Froewis,G (2461) 2nd Bundesliga Ost 23-24 2023 (5.4)}) ({RR} 7. Nf3 O-O 8. Be2 b6 9. O-O Ba6 10. Bxa6 Nxa6 11. Qd3 Nb8 12. Ng5 Ng6 13. f4 Re8 14. f5 Nf8 15. Bf4 Nc6 16. Rf3 f6 17. Nh3 Na5 18. g4 h6 19. Nf2 Nc4 20. h4 Nh7 21. Rf1 c6 {0-1 Ochoa de Echaguen,F-Schmid,L (2520) EU-chT 06th Group5 1976 (2)}) ({RR} 7. c4 O-O 8. cxd5 Nxd5 9. Qd3 Re8+ 10. Be2 Qf6 11. c4 Nf4 12. Bxf4 Qxf4 13. Nf3 Nc6 14. O-O Bf5 15. Qd1 Rad8 16. d5 Bg4 17. Qd3 Bxf3 18. Qxf3 Nd4 19. Qxf4 Nxe2+ 20. Kh1 Nxf4 21. Rab1 b6 {0-1 Ott,A-Fuchsgruber,H North Bayern-ch 2003 (1)}) 7... O-O 8. Bd3 Re8 9. Ne2 b6 10. O-O Bf5 11. Ng3 Bg6 12. Re1 Nd7 13. Bg5 c6 14. Ba6 Rb8 15. Bf4 b5 16. Bxb8 Nxb8 17. Bxb5 cxb5 18. Rxb5 Nbc6 19. Qe2 Qd7 20. h4 f6 21. Reb1 Nc8 22. Qd2 Nb6 23. h5 Bf7 24. Qf4 h6 25. a4 Nxa4 26. Rb7 Qe6 27. Nf5 Qe4 28. Qxe4 Rxe4 29. Rc7 Nxc3 30. Rbb7 Nd8 31. Rb8 Re8 32. Rxc3 Kh7 33. Rcc8 Re1+ 34. Kh2 Bxh5 35. Rxd8 Kg6 36. Rxd5 Bg4 37. Ne3 1-0

[Event "45th FIDE Chess Olympiad Open"]
[Site "Budapest, Hungary"]
[Date "2024.09.12"]
[Round "2"]
[White "Oratile, Kgotlane"]
[Black "Lhundrup M Dorji"]
[Result "1-0"]
[WhiteElo "1975"]
[BlackElo "1715"]
[PlyCount "81"]
[EventDate "2024.??.??"]
[WhiteTeam "Botswana"]
[BlackTeam "Bhutan"]
[WhiteTeamCountry "BOT"]
[BlackTeamCountry "BTN"]
[WhiteClock "1:04:01"]
[BlackClock "0:06:54"]

1. e4 c5 2. Nf3 d6 3. d3 Nc6 4. g3 g6 5. Bg2 Bg7 6. O-O e5 7. Nc3 Nge7 8. Nd2 O-O 9. Nc4 Nd4 10. a4 Be6 11. Nd5 ({RR} 11. f4 Qd7 12. Ne3 exf4 13. gxf4 f5 14. Ncd5 fxe4 15. dxe4 Nxd5 16. Nxd5 Bxd5 17. exd5 Rae8 18. Rf2 Qe7 19. Kf1 Bf6 20. Ra3 Bh4 21. Rg3 Nf5 22. Rff3 Qe4 23. c3 Bxg3 24. hxg3 Re7 25. Rd3 Qc4 {0-1 Fridman,D (2591)-Miezis,N (2421) Coop Saaremaa Rapid 2024 (4.5)}) 11... h6 12. c3 Ndc6 13. Qb3 $146 ({RR} 13. a5 Rb8 14. Qa4 f5 15. f4 exf4 16. gxf4 fxe4 17. dxe4 Qd7 18. Be3 Kh8 19. Rad1 Bxd5 20. exd5 Ne5 21. Qxd7 Nxd7 22. Nxd6 Nf6 23. Bxc5 b6 24. axb6 axb6 25. Ba3 Kh7 26. Nb5 Rf7 27. Nd6 Rff8 {1-0 Mazurkiewicz,M (2163)-Chernobay,A (2484) Titled Tue 25th Oct Early 2022 (3)}) 13... Rb8 14. a5 b5 15. axb6 axb6 16. Qb5 Qd7 17. Bxh6 Bxd5 18. exd5 Bxh6 19. dxc6 Qc7 20. Rfe1 Bg7 21. Ra6 Nc8 22. Rea1 d5 23. Bxd5 Rd8 24. Bg2 Rxd3 25. Nxe5 Rd2 26. Nd7 Nd6 27. Qb3 Rd8 28. Ra7 c4 29. Qb4 Qc8 30. Qxb6 Re8 31. Bf3 Rd3 32. Kg2 Nf5 33. Be4 Rd6 34. Ra8 Qxa8 35. Rxa8 Rxa8 36. Bxf5 gxf5 37. Qc5 Rd2 38. Nb6 Ra7 39. c7 Rxc7 40. Qxc7 Rxb2 41. Nd5 1-0

[Event "45th FIDE Chess Olympiad Open"]
[Site "Budapest, Hungary"]
[Date "2024.09.12"]
[Round "2"]
[White "Mafaaz Khalid"]
[Black "Aziz, Husain"]
[Result "0-1"]
[WhiteElo "2069"]
[BlackElo "2340"]
[PlyCount "124"]
[EventDate "2024.??.??"]
[WhiteTeam "Pakistan"]
[BlackTeam "Qatar"]
[WhiteTeamCountry "PAK"]
[BlackTeamCountry "QAT"]
[WhiteClock "0:19:12"]
[BlackClock "0:09:22"]

1. d4 d5 2. c4 e6 3. Nc3 Nf6 4. Nf3 Be7 5. Bg5 h6 6. Bh4 dxc4 7. e3 a6 8. Bxc4 b5 9. Bd3 Bb7 10. O-O Nbd7 11. Rc1 O-O 12. Qe2 $146 ({RR} 12. Re1 c5 13. Bxf6 Nxf6 14. dxc5 Bxc5 15. Nxb5 Bxe3 16. Rxe3 axb5 17. a3 Qb6 18. h3 Rfd8 19. Qb3 Nd5 20. Ree1 b4 21. Be4 Rab8 22. a4 Qa5 23. Ne5 Ra8 24. Qf3 f5 25. Bc2 Qa6 26. Qh5 Rf8 {1-0 Shao,Q (1764)-He,Y (1636) CHN Team Women 2024 (4.2)}) 12... c5 13. Bxf6 Bxf6 14. Be4 Bxe4 15. Nxe4 c4 16. Rfd1 Qb6 17. g4 Be7 18. Ng3 Rfd8 19. e4 Nf8 20. e5 Ra7 21. Qe3 Rad7 22. h4 f6 23. Nh5 fxe5 24. Qxe5 Bd6 25. Qe2 Qc6 26. d5 exd5 27. Nd4 Qb6 28. Nf5 Bc5 29. Rc3 Qe6 30. Qf1 d4 31. Rf3 d3 32. g5 hxg5 33. hxg5 Qe2 34. Kg2 Qxf1+ 35. Kxf1 Rf7 36. Kg2 Ng6 37. Nhxg7 Rxg7 38. Nh6+ Kh7 39. Rh1 Nh4+ 40. Rxh4 Rxg5+ 41. Kh3 Rd4 42. Rf7+ Kg6 43. f4 Rh5 44. Rxh5 Kxh5 45. Ng4 d2 46. Ne5 Rxf4 47. Rxf4 d1=Q 48. Rf5+ Kh6 49. Ng4+ Kg7 50. Rxc5 Qh1+ 51. Nh2 Qe4 52. Rg5+ Kf8 53. Ng4 b4 54. Rg8+ Kf7 55. Rc8 Qd3+ 56. Kh4 Qd4 57. Kg5 c3 58. bxc3 bxc3 59. Nh6+ Ke6 60. Re8+ Kd7 61. Re7+ Kd8 62. Re2 Qd2+ 0-1

[Event "45th FIDE Chess Olympiad Open"]
[Site "Budapest, Hungary"]
[Date "2024.09.12"]
[Round "2"]
[White "Erfan Mohamad Firdaus"]
[Black "Amer Karim"]
[Result "0-1"]
[WhiteElo "1758"]
[BlackElo "2081"]
[PlyCount "98"]
[EventDate "2024.??.??"]
[WhiteTeam "Qatar"]
[BlackTeam "Pakistan"]
[WhiteTeamCountry "QAT"]
[BlackTeamCountry "PAK"]
[WhiteClock "0:06:00"]
[BlackClock "0:29:12"]

1. d4 Nf6 2. c4 e6 3. Nc3 Bb4 4. e3 c5 5. Bd3 Nc6 6. Nge2 O-O 7. O-O d5 8. cxd5 exd5 9. a3 c4 10. Bc2 Ba5 11. f3 Bb6 $146 ({RR} 11... Re8 12. Kh1 a6 13. Qe1 b5 14. Qh4 b4 15. axb4 Nxb4 16. Ba4 Re6 17. Nf4 Rd6 18. e4 dxe4 19. fxe4 Rxd4 20. Nfe2 Ng4 21. Qh5 g6 22. Qc5 Qd6 23. Qxd6 Rxd6 24. Bf4 Rf6 25. h3 g5 26. Bxg5 {½-½ LCZero 0.31-dag-5350a2e-BT4-6 (3631)-Stockfish dev-20240728-2343f7 (3662) TCEC 26 Balanced Lines 2024 (35.1)}) ({RR} 11... Re8 12. Bd2 Rb8 13. b4 cxb3 14. Bxb3 b5 15. Qc2 Be6 16. Rfc1 Qb6 17. Qa2 Bxc3 18. Bxc3 a5 19. Qd2 b4 20. axb4 axb4 21. Bb2 Na5 22. Qd1 Bd7 23. Kf2 Bb5 24. Rc5 Nc4 25. Bc1 Qb7 26. Nf4 {1-0 Grotnes,N (2330)-Fyllingen,R (2330) NOR-ch Norway 1993 (2)}) ({RR} 11... Re8 12. b3 cxb3 13. Bxb3 Bf5 14. g4 Be6 15. Qd3 Rc8 16. Bd2 h5 17. h3 hxg4 18. hxg4 Bc7 19. Rf2 Na5 20. Ba4 Bd7 21. Bc2 g6 22. Raf1 Nc4 23. Bc1 Be6 24. Nf4 Bxf4 25. exf4 Qa5 26. f5 {1-0 Peralta,F (2564)-Cruz,J (2450) Badalona op 41st 2015 (9)}) 12. b3 cxb3 13. Bxb3 Bf5 14. Ng3 Bg6 15. f4 Bc7 16. Qf3 Ne7 17. Bb2 Bd3 18. Rfd1 Ba6 19. Nh5 Nxh5 20. Qxh5 Bc4 21. Bxc4 dxc4 22. Qf3 Ba5 23. e4 Qb6 24. Qf2 Rfd8 25. Rac1 Rac8 26. Na4 Qb3 27. Qc2 Qe3+ 28. Kh1 Qxf4 29. Rf1 Qd2 30. d5 Ng6 31. Qxd2 Bxd2 32. Rc2 Bf4 33. Bd4 b6 34. g3 Be5 35. Be3 Bd6 36. Nc3 Ne5 37. Nb5 Bc5 38. Bxc5 Rxc5 39. Nxa7 Ra8 40. Rf5 f6 41. Rxe5 fxe5 42. Nc6 c3 43. Nxe5 Rxa3 44. Nd3 Rc4 45. e5 Rd4 46. Nf4 Rd1+ 47. Kg2 Rd2+ 48. Kh3 Rxc2 49. e6 Rd2 0-1

[Event "45th FIDE Chess Olympiad Open"]
[Site "Budapest, Hungary"]
[Date "2024.09.12"]
[Round "2"]
[White "Momin Fayzan"]
[Black "Al Qassabi, Mohammed"]
[Result "1-0"]
[WhiteElo "2064"]
[BlackElo "1521"]
[PlyCount "67"]
[EventDate "2024.??.??"]
[WhiteTeam "Pakistan"]
[BlackTeam "Qatar"]
[WhiteTeamCountry "PAK"]
[BlackTeamCountry "QAT"]
[WhiteClock "1:40:23"]
[BlackClock "0:02:35"]

1. e4 e5 2. Nf3 Nc6 3. Bb5 a6 4. Ba4 Nf6 5. O-O Be7 6. Re1 d6 7. c3 O-O 8. h3 h6 9. d4 exd4 10. cxd4 b5 ({RR} 10... d5 11. exd5 Nb4 12. Nc3 Nbxd5 13. Ne5 Bf5 14. Qf3 Bh7 15. Bc6 Nb4 16. Bxb7 Nc2 17. Be3 Rb8 18. Nc6 Qd7 19. Nxb8 Rxb8 20. Bc6 Qe6 21. d5 Qf5 22. Qxf5 Bxf5 23. Ba7 Rxb2 24. Rab1 Rxb1 25. Rxb1 {½-½ Kotsur,P (2589)-Guliev,S (2489) Dubai op 11th 2009 (5)}) ({RR} 10... Re8 11. d5 b5 12. dxc6 bxa4 13. Nc3 Bf8 14. Qxa4 Nh7 15. Qa5 Be6 16. Bf4 Qf6 17. Bg3 Bxh3 18. Nd5 Qd8 19. gxh3 Ra7 20. b4 Ng5 21. Nxg5 Qxg5 22. b5 h5 23. h4 Qg4 24. Nxc7 Rc8 25. b6 {1-0 Salonika,S (2096)-Manya Abhishek Drolia (1482) TCh-IND Women 2024 (5.4)}) 11. Bb3 Re8 $146 ({RR} 11... Bb7 12. Nbd2 Na5 13. Bc2 Nc6 14. Nf1 Nh7 15. Ng3 Bg5 16. Nxg5 Nxg5 17. f4 Nh7 18. Nf5 Ne7 19. Nxe7+ Qxe7 20. e5 dxe5 21. fxe5 Qh4 22. Re2 Qg3 23. Be3 Ng5 24. Bxg5 hxg5 25. Be4 Bxe4 26. Rxe4 {1-0 Chu,S (2020)-Al Omari,D (2152) Olympiad Women-34 2000 (11.3)}) ({RR} 11... Bb7 12. Nbd2 Na7 13. Bc2 c5 14. Nf1 Nc6 15. Ng3 Re8 16. a4 Bf8 17. Bf4 Nb4 18. Bb1 bxa4 19. dxc5 dxc5 20. Qxa4 a5 21. Rd1 Qb6 22. Ne5 Nc6 23. Nc4 Qb4 24. Qc2 Nd4 25. Rxd4 cxd4 26. e5 {½-½ Kabachienko,A (2135)-Luckianov,S UKR-ch U18 Kiev 2010 (11)}) ({RR} 11... Bb7 12. Nc3 Rc8 13. Bf4 Nb8 14. Qe2 Re8 15. Bc2 Nh7 16. e5 Bxf3 17. Qxf3 dxe5 18. dxe5 Ng5 19. Qg4 g6 20. Rad1 h5 21. Qg3 Nd7 22. Re2 Ne6 23. Bxg6 Bh4 24. Bxf7+ Kxf7 25. Qf3 Nxf4 26. Qxf4+ {0-1 Sellick,S (1674)-Horlock,P (1619) GBR-ch U1900 op 105th 2018 (4)}) 12. Nbd2 Bf8 13. a3 Na5 14. Bc2 Be6 15. b3 c5 16. d5 Bd7 17. Bb2 Nb7 18. Nf1 b4 19. a4 Rc8 20. N3d2 Be7 21. Bd3 a5 22. Ng3 Nh7 23. Nc4 Bh4 24. Re3 Bf6 25. Bxf6 Nxf6 26. Ra2 Re7 27. f4 Qc7 28. Qf3 Rce8 29. Rae2 Kh8 30. Bc2 Kg8 31. e5 Nh7 32. exd6 Rxe3 33. dxc7 Rxf3 34. Rxe8+ 1-0

[Event "45th FIDE Chess Olympiad Open"]
[Site "Budapest, Hungary"]
[Date "2024.09.12"]
[Round "2"]
[White "Al-Kuwari, Turki"]
[Black "Mudasir, Iqbal"]
[Result "0-1"]
[WhiteElo "1577"]
[BlackElo "2055"]
[PlyCount "40"]
[EventDate "2024.??.??"]
[WhiteTeam "Qatar"]
[BlackTeam "Pakistan"]
[WhiteTeamCountry "QAT"]
[BlackTeamCountry "PAK"]
[WhiteClock "0:57:28"]
[BlackClock "0:42:14"]

1. e4 {Grivas,Efstratios} c5 2. Nf3 Nc6 3. Bb5 g6 4. O-O Bg7 5. c3 e5 ({RR} 5... Nf6 6. Qa4 O-O 7. d4 cxd4 8. cxd4 d6 9. Nc3 Bd7 10. d5 Nb8 11. Be3) 6. d4 exd4 7. cxd4 Nxd4 8. Nxd4 Bxd4 ({RR} 8... cxd4 9. Na3 a6 10. Bc4 Ne7 11. Bg5 O-O 12. f4 d5 13. Bxd5 h6 14. Bh4 Qd7 15. Bb3) 9. Nc3 Ne7 10. Bg5 ({RR} 10. Bh6 a6 11. Bc4 d6 12. Qb3 Be6 13. Bxe6 fxe6 14. Qxe6 Qd7 15. Qb3 O-O-O 16. Rad1) ({RR} 10. Bh6 a6 11. Bc4 b5 12. Bd5 Nxd5 13. exd5 d6 14. Qd2 Kd7 15. Ne4 f5 16. Ng5 Qf6 17. Ne6 Rg8 18. Qa5 Bb7 19. Qc7+ {1-0 Blomqvist,E (2520)-Kingsley,E (1861) Robert Spangbergs Mem 2024 (1.2)}) 10... h6 $146 ({RR} 10... O-O 11. Bc4 Qe8 12. Nb5 ({RR} 12. Bh6 Nc6 13. Bxf8 Qxf8 14. Qd2 a6 15. Rad1) 12... Nc6 13. Qd2 ({RR} 13. Nc7 Qe5 14. Nxa8 Qxg5) ({RR} 13. Nxd4 Nxd4 14. Qd3) 13... Qxe4 ({RR} 13... Qe5 14. Bh6 Re8 15. Rae1) 14. Rae1 Bxf2+ ({RR} 14... Qg4 15. h3 Qh5 16. Be2) ({RR} 14... Qf5 15. Nd6 Qg4 16. Re4) 15. Qxf2 Qxc4 16. Qf6 {1-0 Karlovich,A (2211)-Galopoulos,P (2255) Athens Acropolis op-A 24th 2009 (8)}) 11. Bh4 O-O 12. Qd2 g5 13. Bg3 d5 14. h4 a6 15. Bd3 dxe4 16. Bxe4 f5 17. Bc2 f4 18. Bb3+ Kg7 19. Bh2 Nf5 20. Ne2 Bxf2+ 0-1

[Event "45th FIDE Chess Olympiad Open"]
[Site "Budapest, Hungary"]
[Date "2024.09.12"]
[Round "2"]
[White "Misambo .J. KIlasa"]
[Black "Kao, Jamison Edrich"]
[Result "0-1"]
[WhiteElo "1959"]
[BlackElo "2125"]
[PlyCount "100"]
[EventDate "2024.??.??"]
[WhiteTeam "Tanzania"]
[BlackTeam "Hong Kong, China"]
[WhiteTeamCountry "TAN"]
[WhiteClock "0:07:22"]
[BlackClock "0:02:27"]

1. d4 Nf6 2. c4 g6 3. Nf3 Bg7 4. Nc3 O-O 5. e4 d6 6. h3 e5 7. d5 a5 8. Be3 Na6 9. Bd3 c6 ({RR} 9... Nc5 10. Bc2 c6 11. O-O cxd5 12. cxd5 b6 13. Bg5 h6 14. Bh4 Ba6 15. Re1 Qd7 16. a3 Qc8 17. Bxf6 Bxf6 18. Qd2 Bg7 19. b4 Nd7 20. Bd3 Nf6 21. Bxa6 Qxa6 22. b5 Qb7 23. Na4 Rfc8 24. Qe3 {½-½ Martinez Ramirez,L (2464)-Firouzja,A (2777) Titled Tue 5th Sep Early 2023 (9)}) 10. Qd2 cxd5 11. cxd5 Nc5 $146 ({RR} 11... Nd7 12. g4 Ndc5 13. Bc2 Bd7 14. a4 Rc8 15. Rg1 Nb4 16. Bxc5 Rxc5 17. Bb1 Kh8 18. Ke2 Qb6 19. Rg3 Qa6+ 20. Bd3 Nxd3 21. Qxd3 Qb6 22. Qd2 Rc4 23. Qc2 Rb4 24. Ra2 f5 25. gxf5 gxf5 26. Nd2 {0-1 Ershov,A (1473)-Kiselev,P (2245) Sea Harbor Open 2023 (1.10)}) 12. Bxc5 dxc5 13. Qe3 Qe7 14. Bc4 Bd7 15. a4 Ne8 16. g4 Nd6 17. Be2 Rac8 18. Nd2 c4 19. Qb6 f5 20. gxf5 gxf5 21. O-O-O fxe4 22. Ndxe4 Nxe4 23. Nxe4 Bxa4 24. Rdg1 c3 25. Nxc3 Qb4 26. Qe3 Qd4 27. Kb1 Bb3 28. Rg4 Rf4 29. Rhg1 Rxg4 30. Rxg4 Qxe3 31. fxe3 e4 32. Nxe4 h5 33. Nf6+ Kh8 34. Nxh5 Rc2 35. Nxg7 Rxe2 36. Kc1 Rc2+ 37. Kb1 Re2 38. Kc1 Bxd5 39. Nf5 Bb3 40. Rg3 Rc2+ 41. Kb1 Rf2 42. Kc1 Rxf5 43. e4 Rc5+ 44. Kd2 Rc2+ 45. Kd3 a4 46. Kd4 Rxb2 47. Ke5 a3 48. Rd3 a2 49. Rd8+ Kg7 50. Ra8 Rb1 0-1

[Event "45th FIDE Chess Olympiad Open"]
[Site "Budapest, Hungary"]
[Date "2024.09.12"]
[Round "2"]
[White "Chan, Pui Yin Brandon"]
[Black "Veer Gandhi"]
[Result "1-0"]
[WhiteElo "2016"]
[BlackElo "1792"]
[PlyCount "83"]
[EventDate "2024.??.??"]
[WhiteTeam "Hong Kong, China"]
[BlackTeam "Tanzania"]
[BlackTeamCountry "TAN"]
[WhiteClock "0:45:19"]
[BlackClock "0:27:18"]

1. d4 d5 2. c4 e6 3. Nc3 Nf6 4. Bg5 Be7 5. cxd5 exd5 6. e3 c6 7. Bd3 h6 8. Bh4 O-O 9. Nge2 Re8 10. Qc2 Nbd7 11. O-O Nf8 12. Rad1 Bg4 ({RR} 12... Ne6 13. Bg3 Ng5 14. Be5 Bd6 15. f4 Ne6 16. h3 c5 17. Bxf6 Qxf6 18. Nxd5 Qd8 19. Bb5 Rf8 20. f5 Nc7 21. Nxc7 Qxc7 22. f6 cxd4 23. Qe4 dxe3 24. fxg7 Kxg7 25. Rd5 Bh2+ 26. Kh1 Be6 27. Bd3 {0-1 Sjugirov,S (2705)-Javakhadze,Z (2461) Titled Tue 22nd Aug Early 2023 (8)}) ({RR} 12... Ne4 13. Bxe7 Qxe7 14. Bxe4 dxe4 15. Ng3 f5 16. f3 exf3 17. Rxf3 Be6 18. Nxf5 Bxf5 19. Qxf5 Rad8 20. Rdf1 Nh7 21. Qf7+ Qxf7 22. Rxf7 Rxe3 23. Rxb7 Nf6 24. Rd1 a5 25. Rc7 Rd6 26. h3 Ne4 27. Na4 {1-0 Holt,C (2540)-Munoz,F (2389) Titled Tue 20th Aug Late 2024 (3)}) 13. f3 Be6 14. h3 Nh5 $146 ({RR} 14... Qc8 15. Qd2 Ng6 16. Bg3 Nh5 17. Bxg6 fxg6 18. Bh2 g5 19. Nc1 b6 20. Nd3 Qb7 21. Ne2 c5 22. f4 gxf4 23. Nexf4 Nxf4 24. Bxf4 Rac8 25. Be5 Bg5 26. Bf4 Bf6 27. Be5 Bg5 28. Bf4 Bf6 {½-½ Kantorik,M (2204)-Stevik,P (2148) Tatranska Lomnica Tatry op 2021 (8)}) ({RR} 14... Rc8 15. e4 dxe4 16. fxe4 Nh5 17. Bxe7 Qxe7 18. e5 Qh4 19. Ne4 Red8 20. Nd6 Rxd6 21. exd6 Rd8 22. Bc4 Rxd6 23. Bxe6 Nxe6 24. Qf5 Nf6 25. g3 Qe4 26. Qxe4 Nxe4 27. Kg2 Nf6 28. Rd3 Nd5 29. a3 {1-0 Tsvetkov,A (2395)-Dudzinski,P (2201) Titled Tuesday intern op 06th Oct blitz 2020 (1)}) 15. Bxe7 Qxe7 16. e4 dxe4 17. fxe4 Rad8 18. e5 g6 19. Ne4 Bd5 20. Nd6 Rxd6 21. exd6 Qxd6 22. Nc3 Be6 23. Qf2 Rd8 24. Bc2 Ng3 25. Rfe1 h5 26. a3 Bf5 27. Bxf5 Nxf5 28. d5 cxd5 29. Rxd5 Qb8 30. Rxd8 Qxd8 31. Qxa7 Ne6 32. Qf2 Qg5 33. Ne4 Qd8 34. Nc5 Ng5 35. Ne4 Ne6 36. Rf1 Qd3 37. Nf6+ Kf8 38. Nxh5 Ned4 39. Nf4 Qb5 40. g4 Ng3 41. Qxg3 g5 42. Qe3 1-0

[Event "45th FIDE Chess Olympiad Open"]
[Site "Budapest, Hungary"]
[Date "2024.09.12"]
[Round "2"]
[White "Lusako, Shedrack"]
[Black "Chan, Wang Ip Boris"]
[Result "1/2-1/2"]
[WhiteElo "1760"]
[BlackElo "2017"]
[PlyCount "88"]
[EventDate "2024.??.??"]
[WhiteTeam "Tanzania"]
[BlackTeam "Hong Kong, China"]
[WhiteTeamCountry "TAN"]
[WhiteClock "0:16:41"]
[BlackClock "0:02:09"]

1. e4 c5 2. Nf3 d6 3. Bc4 Nf6 4. Nc3 e6 5. O-O a6 6. a4 Qc7 7. d3 Be7 8. Bf4 Nc6 9. h3 O-O 10. Re1 Nd7 11. Qe2 $146 ({RR} 11. Ne2 Rb8 12. c3 b5 13. axb5 axb5 14. Ba2 Nce5 15. Nc1 Bf6 16. Nh2 b4 17. Be3 c4 18. d4 Ng6 19. cxb4 Rxb4 20. b3 c3 21. Ne2 Ba6 22. Bb1 Bxe2 23. Rxe2 Rfb8 24. Bc2 e5 25. dxe5 Bxe5 {0-1 Janev,E (2445)-Akopian,V (2656) Ubeda op 6th 2001 (7)}) 11... Bf6 12. Nd1 Nde5 13. Nxe5 Nxe5 14. Bxe5 Bxe5 15. c3 Bd7 16. Ne3 b5 17. axb5 axb5 18. Bb3 g6 19. Ng4 Bg7 20. Qf3 Bc6 21. Qf4 h5 22. Nf6+ Kh8 23. g4 hxg4 24. hxg4 Bxf6 25. Qxf6+ Kg8 26. Kg2 Qd8 27. Qf4 g5 28. Rxa8 Bxa8 29. Qe3 Kg7 30. Rh1 Rh8 31. Rxh8 Kxh8 32. Kg3 Qf6 33. f4 gxf4+ 34. Qxf4 Qe5 35. Qxe5+ dxe5 36. c4 b4 37. Ba4 Kg7 38. g5 Kg6 39. Kg4 Bb7 40. Bd7 Ba6 41. Be8 Bc8 42. Kh4 Bb7 43. Kg3 Bc8 44. Kg4 Bb7 1/2-1/2